Continental Football Championships Top 4 - Statistics

General Stats
  • This quiz has been taken 99 times
  • The average score is 76 of 97
Answer Stats
Country % Correct
Australia
94%
Japan
94%
Saudi Arabia
93%
South Korea
93%
United States
93%
Argentina
92%
Brazil
92%
China
92%
England
92%
Iran
92%
Chile
90%
Colombia
90%
France
90%
Germany
90%
Jamaica
90%
Mexico
90%
Spain
90%
West Germany
90%
Algeria
89%
Canada
89%
Denmark
89%
Egypt
89%
Peru
89%
Qatar
89%
Russia
89%
Soviet Union
89%
United Arab Republic
89%
Ecuador
88%
Greece
88%
Italy
88%
Morocco
88%
New Zealand
88%
Nigeria
88%
Paraguay
88%
Portugal
88%
South Africa
88%
Turkey
88%
Uruguay
88%
Venezuela
88%
Bolivia
86%
Iraq
86%
Netherlands
86%
Panama
86%
Senegal
86%
Sweden
86%
Yugoslavia
86%
Costa Rica
85%
Honduras
85%
India
85%
Ivory Coast
85%
Belgium
83%
Czechoslovakia
83%
Cuba
82%
Ghana
82%
Haiti
82%
Hungary
82%
Czechia
81%
DR Congo
81%
El Salvador
81%
Fiji
81%
North Korea
81%
Zaire
81%
PR Congo
79%
Tunisia
79%
Cameroon
78%
Guatemala
78%
Israel
76%
Jordan
76%
Wales
76%
United Arab Emirates
74%
Ethiopia
72%
Sudan
72%
Zambia
72%
Libya
71%
Mali
71%
South Vietnam
71%
Trinidad and Tobago
71%
Kuwait
69%
Thailand
68%
Papua New Guinea
67%
Guinea
65%
Tahiti
65%
Solomon Islands
64%
Taiwan
64%
Bahrain
63%
New Hebrides
61%
Vanuatu
61%
Burkina Faso
60%
Uzbekistan
58%
Uganda
54%
Equatorial Guinea
50%
Khmer
49%
New Caledonia
47%
Hong Kong
42%
Burma
38%
Netherlands Antilles
35%
Guadeloupe
25%
No matching quizzes found
Score Distribution
Percent of People with Each Score
Percentile by Number Answered
Your Score History
You have not taken this quiz